Redes de familias, democracia y modernización política en Centroamérica /
Gespeichert in:
| 1. Verfasser: | |
|---|---|
| Format: | Text |
| Schlagworte: | |
| Tags: |
Tag hinzufügen
Keine Tags, Fügen Sie den ersten Tag hinzu!
|
MARC
| LEADER | 00000 a a2200000 04500 | ||
|---|---|---|---|
| 001 | 46246 | ||
| 003 | |||
| 040 | |||
| 090 | |a REV1052 (8) 1996 | ||
| 100 | |a Vilas, Carlos M | ||
| 245 | |a Redes de familias, democracia y modernización política en Centroamérica / |c Carlos M. Vilas | ||
| 650 | |a ELITE | ||
| 650 | |a CLASE DIRIGENTE | ||
| 650 | |a COMPORTAMIENTO POLITICO | ||
| 650 | |a HISTORIA POLITICA | ||
| 650 | |a HISTORIA SOCIAL | ||
| 650 | |a CAMBIO SOCIAL | ||
| 650 | |a DEMOCRATIZACION | ||
| 773 | 0 | |g número8 (1996), Páginas 7-27. | |
| 999 | |c 35619 |d 35619 | ||
